Shakespeare Words - Sudden Death - Statistics

General Stats
  • This quiz has been taken 45 times
  • The average score is 3 of 11
Answers on the Grid
Answers color-coded by a green-red scale on the quiz's grid according to % correct below.
Bedroom
Interrupt
Bookshelf
Elbow
Gallery
Assassination
Brainstorm
Gossip
Fashionable
Bathrobe
Eyeball
Crouch
Inaudible
Kissing
Lonely
Manager
Visual
Character
Obscene
Downstairs
Frighten
 
Answer Stats
Answer % Correct
Assassination
44%
Bedroom
41%
Gossip
38%
Obscene
38%
Downstairs
29%
Inaudible
26%
Eyeball
21%
Fashionable
21%
Lonely
9%
Kissing
6%
Manager
6%
No matching quizzes found
Score Distribution
Percent of People with Each Score
Percentile by Number Answered
Your Score History
You have not taken this quiz